SAM Walton: Made in America / (Record no. 617361)

000 -LEADER
fixed length control field 00356nam a22001337a 4500
020 ## - INTERNATIONAL STANDARD BOOK NUMBER
Qualifying information HB.
040 ## - CATALOGING SOURCE
Transcribing agency FIZZA ISHAQ
082 ## - DEWEY DECIMAL CLASSIFICATION NUMBER
Classification number 381.1490
Author Mark WAL
100 ## - MAIN ENTRY--PERSONAL NAME
Personal name Walton. Sam.
9 (RLIN) 134383
245 ## - TITLE STATEMENT
Title SAM Walton: Made in America /
Statement of responsibility, etc. Sam Walton.
260 ## - PUBLICATION, DISTRIBUTION, ETC.
Place of publication, distribution, etc. New York:
Name of publisher, distributor, etc. Doubleday,
Date of publication, distribution, etc. 1992.
300 ## - PHYSICAL DESCRIPTION
Extent xiii , 269 P. : illustrations ;
Dimensions 24 cm
942 ## - ADDED ENTRY ELEMENTS (KOHA)
Source of classification or shelving scheme
Koha item type Book
Holdings
Withdrawn status Lost status Source of classification or shelving scheme Damaged status Not for loan Permanent Location Current Location Shelving location Date acquired Total Checkouts Full call number Barcode Date last seen Price effective from Koha item type
          NUST Baluchistan Campus (NBC) NUST Baluchistan Campus (NBC) General Stacks 05/08/2026   381.149092 WAL QD-418 05/08/2026 05/08/2026 Book
© 2023 Central Library, National University of Sciences and Technology. All Rights Reserved.